000 00756cab a2200229 4500
001 ABS49266
008 090401t1993 xxu||||| |||| 00| 0 eng d
035 _a(Sirsi) u70615
041 _aeng
100 _aJames, M.
245 4 _aThe Defective Premises Act and `fitness for habitation`
260 _c1993
350 _a0
490 _aProfessional Negligence
_v9(3) 1993, 144-145(2)
520 _aDiscusses the issue of `fitness for habitation` in the light of "Miles Charles Thompson and others v Clive Alexander & Partners (a firm) and another".
650 _aALEXANDER AND ANOTHER V MERCOURIS
650 _aANDREWS V SCHOOLING
650 _aDEFECTIVE PREMISES ACT 1972
690 _aBUILT ENVIRONMENT
942 _n0
948 _c04/03/1997
999 _c44430
_d44430